000
00314nam a2200109Ia 4500
008
200302s9999 xx 000 0 und d
100
_a
Jan F. Kreider & Other
245
_a
Heating and Cooling of Buildings Design for Efficiency
260
_b
Mcgraw- hill International Book co.,
260
_c
1994
300
_a
890 p.,
999
_c
1062
_d
1062